LEADER 01944nam a2200373 u 4500 001 000000027888 003 CaOOAMICUS 005 20070710100832.0 008 960227s1969 it u000 u ita u 035 $a10724529 040 $aPUL(R)$bita 041 0 $aita$afre 245 02$aL'analisi del linguaggio teologico :$bil nome di Dio : Atti del Convegno indetto dal Centro internazionale di studi umanistici e dall'Istituto di studi filosofici : Roma, 5-11 gennaio 1969 /$ca cura di Enrico Castelli. 260 $aPadova :$bCEDAM,$c1969. 300 $a550 p. ;$c25 cm. 490 1 $aArchivio di filosofia ;$vanno [37] 1969 500 $aTesti in Italiano e Francese. 504 $aNote bibliografiche. 650 4$aDio$xDottrina cristiana.$0(OLS)http://pul/subject/9476 650 4$aDio (filosofia).$0(OLS)http://pul/subject/404 650 4$aDio (teologia).$0(OLS)http://pul/subject/11917 700 1 $aCastelli, Enrico,$cconte,$d1900-1977.$0(OLS)http://pul/name/669 710 2 $aIstituto di studi filosofici.$0(OLS)http://pul/name/672 710 2 $aCentro internazionale di studi umanistici (Roma).$0(OLS)http://pul/name/670 830 0$aArchivio di filosofia (CEDAM).$0(OLS)http://pul/title/133675 850 $aPUL 852 $aPUL$W1$xDP1 Fondo Giannini$y60$m1558 E 4$j38799$nBK-PRI$b $qFondi$B38799$CPULBib$Z2$F38799 $H $81 852 $aPUL$W1$xSL Filosofia 1$y2$m97 L 37.2$j119226$aAnno 37, n. 2-3 (1969); c. 2$qStampati$B119117$CPULBib$Z2$F119117 $82 941 1 $a8 941 1 $a1 961 $aINV: Fondo Giannini 983 0$aArchivio di filosofia (Fabrizio Serra) 996 $6245$aL'analisi del linguaggio teologico :$bil nome di Dio : Atti del Convegno indetto dal Centro internazionale di studi umanistici e dall'Istituto di studi filosofici : Roma, 5-11 gennaio 1969$9(OLS)http://pul/title/38111 996 $6260$aPadova :$bCEDAM$9(OLS)http://pul/publisher/48126 LEADER 01170nam a2200265 u 4500 001 000000111653 003 CaOOAMICUS 005 20080516105237.0 008 080516s2008 it u000 u ita u 020 $z978-88-8402-611-8* 040 $aPUL(R)$bita$dBc 100 1 $aRicci, Saverio.$0(OLS)http://pul/name/53075 245 10$aInquisitori, censori, filosofi sullo scenario della Controriforma /.$cSaverio Ricci. 260 $aRoma :$bSalerno,$c2008. 300 $a426 p. ;$c21 cm. 490 1 $aPiccoli saggi ;$v36. 650 4$aControriforma$ySec. XVI-XVII.$0(OLS)http://pul/subject/13378 650 4$aControriforma$zItalia.$0(OLS)http://pul/subject/3444 830 0$aPiccoli saggi (Salerno editrice) ;$v36.$0(OLS)http://pul/title/104372 850 $aPUL 852 $aPUL$W1$xSL Religione 3$y85$m270. 6 RICSA 1$j127975$qDDC 21$B126691$CPULBib$Z2$F126691 $H106960 $82 941 1 $a9 996 $6020$z978-88-8402-611-8*$9(OLS)http://pul/number/138051 996 $6245$aInquisitori, censori, filosofi sullo scenario della Controriforma /.$9(OLS)http://pul/title/140443 996 $6260$aRoma :$bSalerno$9(OLS)http://pul/publisher/61304